01010nam a22002897a 4500001000700000003000900007005001700016007000300033008003400036020001500070040003000085082002600115100004500141245009400186264003300280300004600313336002700359337003500386338003000421590002600451650001800477650002800495910004100523942001200564952012700576999001700703001151DO-SdBPM20260216111441.0ta160817b1997 es | |||| 00| 0 spa d a9685333017 aDO-SdBPMbspacBPMSUerda 4a234.5bG633d 19972221 aGómez Yánez, Salvadoreautor 4aut. 10aDel perdón .... al amor :bun nuevo amanece, una nueva vida /cSalvador Gómez Yánez aEl Salvador :bZarza,c1997. a117 páginas :bilustraciones ;c114 cm. atextobtxt2rdacontent asin mediación bn2rdamedia  avolumen bnc2rdacarrier  aInventariado, 2026/VM 7a Amor de Dios 7aPerdón xMeditaciones aVMateo V. Control de calidad. BPMSU  2ddccBK 00102ddc708CGaBPMETbBPMETd2016-08-17eFUNDIl0oBPMSU CG 234.5 G633d 1997pBPMSU16080199r2016-08-17w2016-08-17yBK c11168d11168